00000000cas 2200000zi 4500
0019.962186
003CaOODSP
00520260513101004
006m     o  d f      
007cr cn ||||||||
008260424d19891997qucmr p o    f0    0fre|d
022 |y1490-3830
040 |aCaOODSP|bfre|erda|cCaOODSP
043 |an-cn---|an-cn-qu
0861 |aIu90-2/1F-PDF
24502|aL'informateur économique du BFDR(Q).
2463 |aInformateur économique du BFDR (Q)
2463 |aInformateur économique du Bureau fédéral de développement régional (Québec)
24630|aInformateur économique
264 1|a[Montréal] : |b[Bureau fédéral de développement régional (Québec)], |c[1989-1997]
310 |aMensuel
336 |atexte|btxt|2rdacontent/fre
337 |ainformatique|bc|2rdamedia/fre
338 |aressource en ligne|bcr|2rdacarrier/fre
3621 |aNe paraît plus après : Volume 9, numéro [5] (mai 1997).
500 |aPublié aussi en anglais sous le titre : The FORD(Q) economic update.
500 |aPlusieurs livraisons ne comportent pas de titre.
500 |aÉdition numérisée de l'imprimé [par Innovation, sciences et développement économique Canada].
588 |aDescription d'après : Volume 4, numéro 1 (le 21 janvier 1992).
588 |aDernière livraison consultée : Volume 9, numéro [5] (mai 1997).
61026|aBureau fédéral de développement régional (Québec) (Canada)|vPériodiques.
651 6|aQuébec (Province)|xConditions économiques|vPériodiques.
655 7|aPériodiques|2rvmgf
7102 |aBureau fédéral de développement régional (Québec) (Canada), |eorganisme de publication.
77508|tThe FORD(Q) economic update.|w(CaOODSP)9.962187